Guidelines for preparing proposals

This book also reports the experience and advice of many others who prepare, request, or review proposals, both in government and the private sector

সংরক্ষণ করুন:
গ্রন্থ-পঞ্জীর বিবরন
প্রধান লেখক: Meador, Roy
বিন্যাস: গ্রন্থ
ভাষা:Undetermined
প্রকাশিত: Chelsea, Michigan Lewis 1991
বিষয়গুলি:
ট্যাগগুলো: ট্যাগ যুক্ত করুন
কোনো ট্যাগ নেই, প্রথমজন হিসাবে ট্যাগ করুন!
Thư viện lưu trữ: Trung tâm Học liệu Trường Đại học Cần Thơ
LEADER 00725nam a2200217Ia 4500
001 CTU_14924
008 210402s9999 xx 000 0 und d
020 |b 105df 
020 |c 9.39 
082 |a 658.15224 
082 |b M428 
100 |a Meador, Roy 
245 0 |a Guidelines for preparing proposals 
245 0 |c Roy Meador 
260 |a Chelsea, Michigan 
260 |b Lewis 
260 |c 1991 
520 |a This book also reports the experience and advice of many others who prepare, request, or review proposals, both in government and the private sector 
650 |a Proposal writing in business,Proposal writing in research 
904 |i Minh, 970107 
980 |a Trung tâm Học liệu Trường Đại học Cần Thơ